[Event "SB-2014-0-00368"]
[Site "LSS email"]
[Date "2014.06.08"]
[Round "?"]
[White "Vodicka, Milan"]
[Black "Introini, Luis Freddy"]
[Result "1-0"]
[WhiteElo "1925"]
[BlackElo "1619"]
[PlyCount "43"]
[EventDate "2014.05.07"]
[EventType "tourn (corr)"]
[EventRounds "6"]
[EventCountry "GER"]
[SourceTitle "Corr 2015"]
[Source "ChessBase"]
[SourceDate "2015.07.17"]
[SourceVersion "1"]
[SourceVersionDate "2015.07.17"]
[SourceQuality "1"]

1. d4 Nf6 2. c4 c5 3. d5 b5 4. cxb5 a6 5. bxa6 Bxa6 6. Nc3 d6 7. g3 g6 8. Bg2 Bg7 9. Nf3 0-0 10. 0-0 Nbd7 11. Qc2 Qb6 12. Bg5 Rfb8 13. Rfb1 Qb7 14. Ne1 h6 15. Bd2 Bc4 16. e4 Ba6 17. Nd1 Ne5 18. Bc3 Nc4 19. Qc1 Qd7 20. b3 Ne5 21. Bxe5 dxe5 22. Qxc5 1-0

[Event "SB-2014-0-00368"]
[Site "LSS email"]
[Date "2014.06.07"]
[Round "?"]
[White "Herzog, Klaus"]
[Black "Introini, Luis Freddy"]
[Result "1/2-1/2"]
[WhiteElo "1757"]
[BlackElo "1619"]
[PlyCount "58"]
[EventDate "2014.05.07"]
[EventType "tourn (corr)"]
[EventRounds "6"]
[EventCountry "GER"]
[SourceTitle "Corr 2015"]
[Source "ChessBase"]
[SourceDate "2015.07.17"]
[SourceVersion "1"]
[SourceVersionDate "2015.07.17"]
[SourceQuality "1"]

1. e4 e5 2. Nf3 Nc6 3. Bb5 a6 4. Ba4 Nf6 5. 0-0 Nxe4 6. Re1 Nc5 7. Bxc6 dxc6 8. Nxe5 Be6 9. Qh5 g6 10. Nxg6 fxg6 11. Qe5 Rg8 12. d4 Qd5 13. Qxd5 cxd5 14. dxc5 Kd7 15. Be3 Bf5 16. c3 Kc6 17. Nd2 Bxc5 18. Bxc5 Kxc5 19. Re7 Kd6 20. Rxh7 Rae8 21. Nf3 Re2 22. b3 Rf8 23. Nd4 Rb2 24. Nxf5+ Rxf5 25. Rh6 Rf6 26. h4 Re6 27. Kf1 Rf6 28. f3 Re6 29. b4 Rc2 1/2-1/2

[Event "SB-2014-0-00368"]
[Site "LSS email"]
[Date "2014.06.07"]
[Round "?"]
[White "Introini, Luis Freddy"]
[Black "Susla, Vitaliy"]
[Result "0-1"]
[WhiteElo "1619"]
[BlackElo "2161"]
[PlyCount "62"]
[EventDate "2014.05.07"]
[EventType "tourn (corr)"]
[EventRounds "6"]
[EventCountry "GER"]
[SourceTitle "Corr 2015"]
[Source "ChessBase"]
[SourceDate "2015.07.17"]
[SourceVersion "1"]
[SourceVersionDate "2015.07.17"]
[SourceQuality "1"]

1. e4 c5 2. Nf3 d6 3. Bb5+ Bd7 4. Bxd7+ Qxd7 5. 0-0 Nf6 6. d3 Nc6 7. Bg5 e6 8. Bxf6 gxf6 9. a4 Bg7 10. Nc3 Rd8 11. Re1 0-0 12. Qd2 Ne7 13. Re2 Kh8 14. h4 f5 15. h5 fxe4 16. dxe4 Nc6 17. h6 Bf6 18. Rd1 Qe7 19. Re3 a6 20. Ne2 Ne5 21. b3 c4 22. Nfd4 d5 23. f4 Ng4 24. e5 Bh4 25. Rf3 f6 26. f5 Bg5 27. Qc3 fxe5 28. Nxe6 d4 29. N2xd4 Bxh6 30. Nxd8 Qh4 31. Ne2 Rxf5 0-1

[Event "SB-2013-0-00314"]
[Site "LSS email"]
[Date "2013.06.22"]
[Round "?"]
[White "Introini, Luis Freddy"]
[Black "Vasquez, Gerardo"]
[Result "0-1"]
[WhiteElo "1853"]
[BlackElo "1967"]
[PlyCount "42"]
[EventDate "2013.06.02"]
[EventType "tourn (corr)"]
[EventRounds "6"]
[EventCountry "GER"]
[SourceTitle "Telechess CBM 163"]
[Source "ChessBase"]
[SourceDate "2014.11.11"]
[SourceVersion "2"]
[SourceVersionDate "2014.11.11"]
[SourceQuality "1"]

1. e4 c5 2. Nf3 Nc6 3. d4 cxd4 4. Nxd4 e5 5. Nb5 d6 6. Bg5 Qxg5 7. Nc7+ Kd7 8. Nxa8 b6 9. c3 Bb7 10. Nxb6+ axb6 11. Nd2 Kc7 12. h4 Qg6 13. h5 Qg5 14. Qb3 Nf6 15. Nf3 Qf4 16. Qxf7+ Kb8 17. Rh4 Qh6 18. Qc4 Be7 19. g3 Rf8 20. Nd2 d5 21. exd5 Nxd5 0-1

[Event "SB-2013-0-00314"]
[Site "LSS email"]
[Date "2013.06.22"]
[Round "?"]
[White "Santos, Sebastiao"]
[Black "Introini, Luis Freddy"]
[Result "1-0"]
[WhiteElo "1825"]
[BlackElo "1853"]
[PlyCount "43"]
[EventDate "2013.06.02"]
[EventType "tourn (corr)"]
[EventRounds "6"]
[EventCountry "GER"]
[SourceTitle "Telechess CBM 163"]
[Source "ChessBase"]
[SourceDate "2014.11.11"]
[SourceVersion "2"]
[SourceVersionDate "2014.11.11"]
[SourceQuality "1"]

1. e4 e6 2. d4 d5 3. Nc3 Bb4 4. e5 c5 5. a3 Bxc3+ 6. bxc3 Qc7 7. Nf3 Ne7 8. a4 Qa5 9. Qd2 c4 10. Be2 h6 11. Nh4 Bd7 12. 0-0 Bxa4 13. f4 g6 14. Bb2 b5 15. g4 Nd7 16. Kh1 Nc6 17. f5 g5 18. Ng2 0-0-0 19. Ne3 Rh7 20. Ba3 Re8 21. Bf3 Nd8 22. Bb4 1-0

[Event "OP-2012-0-01996"]
[Site "LSS email"]
[Date "2012.01.12"]
[Round "?"]
[White "Jarabinsky, Martin"]
[Black "Introini, Luis Freddy"]
[Result "1/2-1/2"]
[WhiteElo "2232"]
[BlackElo "1908"]
[PlyCount "88"]
[EventDate "2012.01.09"]
[EventType "tourn (corr)"]
[EventRounds "4"]
[EventCountry "GER"]
[SourceTitle "Telechess CBM 155"]
[Source "ChessBase"]
[SourceDate "2013.07.16"]
[SourceVersion "1"]
[SourceVersionDate "2013.07.16"]
[SourceQuality "1"]

1. e4 c5 2. Nc3 Nc6 3. Nf3 g6 4. Bc4 Bg7 5. 0-0 d6 6. d3 Nf6 7. h3 0-0 8. Bg5 b6 9. Qd2 Bb7 10. Rfe1 a6 11. a4 Rc8 12. Bb3 Nd4 13. Nxd4 cxd4 14. Ne2 Nd7 15. c3 Nc5 16. Ba2 dxc3 17. Nxc3 Ne6 18. Bxe6 fxe6 19. Bh6 Bxh6 20. Qxh6 e5 21. Qe3 Rc5 22. Rad1 Qc7 23. Rc1 a5 24. Nb5 Qc6 25. b3 Qe8 26. Na3 Ba6 27. Nc4 Bxc4 28. dxc4 Qf7 29. Qe2 Qf4 30. Rc3 Qh4 31. Rf3 Rxf3 32. Qxf3 Kg7 33. Qd3 h5 34. Qd2 Qf4 35. Re3 Rc8 36. Qe1 Rf8 37. Rd3 Qg5 38. Rd5 Qf4 39. Rd1 g5 40. Rd3 g4 41. g3 Qf7 42. h4 Qe8 43. Qe2 Kh7 44. Qd2 Qg6 1/2-1/2

[Event "OP-2011-0-01930"]
[Site "LSS email"]
[Date "2011.12.11"]
[Round "?"]
[White "Horse, Madera"]
[Black "Introini, Luis Freddy"]
[Result "0-1"]
[WhiteElo "1278"]
[BlackElo "1908"]
[PlyCount "70"]
[EventDate "2011.12.07"]
[EventType "tourn (corr)"]
[EventRounds "4"]
[EventCountry "GER"]
[SourceTitle "Telechess CBM 155"]
[Source "ChessBase"]
[SourceDate "2013.07.16"]
[SourceVersion "1"]
[SourceVersionDate "2013.07.16"]
[SourceQuality "1"]

1. e4 c5 2. Nf3 a6 3. c4 Nc6 4. d4 cxd4 5. Nxd4 Nf6 6. Nc3 Qc7 7. Nb3 e6 8. Bd2 Bd6 9. h3 0-0 10. Bd3 Ne5 11. Bg5 Be7 12. Qe2 Nxd3+ 13. Qxd3 b5 14. cxb5 axb5 15. Nxb5 Qe5 16. Bxf6 Bxf6 17. 0-0 Qxb2 18. a4 Bb7 19. Nc5 Bc6 20. Rab1 Qe5 21. Rfc1 Rfd8 22. Nd6 Be7 23. Ncb7 Rdb8 24. a5 Bxd6 25. Nxd6 Qxa5 26. Rxb8+ Rxb8 27. Qg3 Qd2 28. Rf1 Rb4 29. e5 Kf8 30. f3 g5 31. Kh2 h6 32. Ra1 Rf4 33. Qe1 Rd4 34. Qg3 f5 35. Rb1 Rd3 0-1

[Event "OP-2011-0-01930"]
[Site "LSS email"]
[Date "2011.12.11"]
[Round "?"]
[White "Introini, Luis Freddy"]
[Black "Vontina, Maria"]
[Result "1-0"]
[WhiteElo "1908"]
[BlackElo "781"]
[PlyCount "21"]
[EventDate "2011.12.07"]
[EventType "tourn (corr)"]
[EventRounds "4"]
[EventCountry "GER"]
[SourceTitle "Corr 2015"]
[Source "ChessBase"]
[SourceDate "2015.07.17"]
[SourceVersion "1"]
[SourceVersionDate "2015.07.17"]
[SourceQuality "1"]

1. e4 e6 2. d4 d5 3. Nc3 Bb4 4. e5 c5 5. Bd2 Nc6 6. Nb5 Bxd2+ 7. Qxd2 Qb6 8. dxc5 Qxc5 9. Nc7+ Ke7 10. Nxa8 Nxe5 11. Qg5+ 1-0

[Event "SB-2011-0-00160"]
[Site "LSS email"]
[Date "2011.06.13"]
[Round "?"]
[White "Herzog, Klaus"]
[Black "Introini, Luis Freddy"]
[Result "1/2-1/2"]
[WhiteElo "1830"]
[BlackElo "1908"]
[PlyCount "38"]
[EventDate "2011.05.31"]
[EventType "tourn (corr)"]
[EventRounds "6"]
[EventCountry "GER"]
[SourceTitle "Telechess CBM 155"]
[Source "ChessBase"]
[SourceDate "2013.07.16"]
[SourceVersion "1"]
[SourceVersionDate "2013.07.16"]
[SourceQuality "1"]

1. d4 d5 2. c4 dxc4 3. Nf3 Nf6 4. Nc3 e6 5. e4 c5 6. d5 exd5 7. e5 Ne4 8. Qxd5 Nxc3 9. Qxd8+ Kxd8 10. bxc3 Be6 11. Ng5 Nd7 12. Nxe6+ fxe6 13. f4 Nb6 14. a4 a5 15. h4 Kc7 16. h5 Be7 17. Be2 Rhf8 18. 0-0 Rae8 19. Ra2 g5 1/2-1/2

[Event "SB-2011-0-00160"]
[Site "LSS email"]
[Date "2011.06.13"]
[Round "?"]
[White "Introini, Luis Freddy"]
[Black "Silva Filho, Alcindo Luz Bastos"]
[Result "1/2-1/2"]
[WhiteElo "1908"]
[BlackElo "2079"]
[PlyCount "77"]
[EventDate "2011.05.31"]
[EventType "tourn (corr)"]
[EventRounds "6"]
[EventCountry "GER"]
[SourceTitle "Telechess CBM 155"]
[Source "ChessBase"]
[SourceDate "2013.07.16"]
[SourceVersion "1"]
[SourceVersionDate "2013.07.16"]
[SourceQuality "1"]

1. e4 c5 2. Nf3 Nc6 3. d4 cxd4 4. Nxd4 Qb6 5. Nb3 Nf6 6. Nc3 e6 7. Be3 Qc7 8. a3 Be7 9. f4 d6 10. Nb5 Qb8 11. Qf3 0-0 12. 0-0-0 d5 13. e5 Nd7 14. Bd3 b6 15. Qh3 h6 16. N5d4 Nxd4 17. Nxd4 Nc5 18. Qg3 Kh8 19. Kb1 Nxd3 20. Rxd3 Bd7 21. Rf1 f6 22. Qg4 f5 23. Qh3 Qe8 24. Rg1 Bc5 25. g4 fxg4 26. Qxg4 Qf7 27. Nb3 Rac8 28. Bxc5 bxc5 29. Rc3 Ba4 30. Rxc5 Bxb3 31. Rxc8 Rxc8 32. cxb3 Kh7 33. h4 d4 34. h5 Kh8 35. Qg6 Qe7 36. Rd1 Rd8 37. b4 Kg8 38. f5 exf5 39. Qxf5 1/2-1/2

[Event "SB-2011-0-00155"]
[Site "LSS email"]
[Date "2011.05.29"]
[Round "?"]
[White "Introini, Luis Freddy"]
[Black "Dehaybe, Andre"]
[Result "0-1"]
[WhiteElo "1897"]
[BlackElo "2054"]
[PlyCount "48"]
[EventDate "2011.05.15"]
[EventType "tourn (corr)"]
[EventRounds "6"]
[EventCountry "GER"]
[SourceTitle "Telechess CBM 149"]
[Source "ChessBase"]
[SourceDate "2012.07.17"]
[SourceVersion "1"]
[SourceVersionDate "2012.07.17"]
[SourceQuality "1"]

1. e4 e6 2. d4 d5 3. Nc3 Nf6 4. Bg5 Bb4 5. e5 h6 6. Bd2 Bxc3 7. bxc3 Ne4 8. Bd3 Nxd2 9. Qxd2 c5 10. Nf3 Qa5 11. c4 Qxd2+ 12. Kxd2 dxc4 13. Bxc4 0-0 14. c3 Bd7 15. Ke3 Bc6 16. Rab1 Rc8 17. Rhc1 Nd7 18. Bd3 Rc7 19. Be4 Bxe4 20. Kxe4 Rac8 21. d5 f5+ 22. Ke3 exd5 23. Rd1 Nb6 24. Kf4 g6 0-1

[Event "SB-2011-0-00149"]
[Site "LSS email"]
[Date "2011.05.07"]
[Round "?"]
[White "Introini, Luis Freddy"]
[Black "Khlopov, Sergej"]
[Result "0-1"]
[WhiteElo "1853"]
[BlackElo "1992"]
[PlyCount "52"]
[EventDate "2011.04.19"]
[EventType "tourn (corr)"]
[EventRounds "6"]
[EventCountry "GER"]
[SourceTitle "Telechess CBM 145"]
[Source "Chessbase"]
[SourceDate "2011.11.11"]
[SourceVersion "1"]
[SourceVersionDate "2011.11.11"]
[SourceQuality "1"]

1. e4 c5 2. Nf3 d6 3. d4 cxd4 4. Nxd4 Nf6 5. Nc3 g6 6. Be3 Bg7 7. f3 0-0 8. Bc4 Nc6 9. Bb3 Bd7 10. Qd2 Rc8 11. h4 h5 12. 0-0-0 Ne5 13. Bg5 Rc5 14. Kb1 a5 15. g4 Rxc3 16. Qxc3 a4 17. Bxf6 Bxf6 18. Bxa4 Bxa4 19. gxh5 Qb6 20. hxg6 Nxg6 21. b3 Kh7 22. h5 Nf4 23. Qd2 Bd7 24. c3 Bg5 25. Qc2 Kh6 26. Rh2 Qa5 0-1

[Event "SB-2011-0-00149"]
[Site "LSS email"]
[Date "2011.05.06"]
[Round "?"]
[White "Introini, Luis Freddy"]
[Black "Kroes, Friso"]
[Result "1/2-1/2"]
[WhiteElo "1853"]
[BlackElo "1903"]
[PlyCount "82"]
[EventDate "2011.04.19"]
[EventType "tourn (corr)"]
[EventRounds "6"]
[EventCountry "GER"]
[SourceTitle "Telechess CBM 145"]
[Source "Chessbase"]
[SourceDate "2011.11.11"]
[SourceVersion "1"]
[SourceVersionDate "2011.11.11"]
[SourceQuality "1"]

1. d4 d5 2. c4 c6 3. Nf3 Nf6 4. Nc3 e6 5. Bg5 dxc4 6. e4 b5 7. e5 h6 8. Bh4 g5 9. Nxg5 hxg5 10. Bxg5 Nbd7 11. exf6 Bb7 12. g3 c5 13. d5 Qb6 14. Bg2 0-0-0 15. 0-0 b4 16. Na4 Qb5 17. a3 exd5 18. axb4 cxb4 19. Be3 Nc5 20. Qg4+ Qd7 21. Qxd7+ Nxd7 22. Rfd1 Rh5 23. Bxa7 Kc7 24. Be3 Bd6 25. Bf3 Re5 26. Bd4 Rg5 27. h4 Rgg8 28. Bh5 Rdf8 29. b3 c3 30. Bf3 Re8 31. Rac1 Bf4 32. Rc2 Be5 33. Bxc3 bxc3 34. Nxc3 Nxf6 35. Nxd5+ Kb8 36. Nxf6 Bxf3 37. Rd3 Bxf6 38. Rxf3 Bxh4 39. Kf1 Bd8 40. Rxf7 Rg6 41. Kg2 Reg8 1/2-1/2

[Event "SB-2011-0-00149"]
[Site "LSS email"]
[Date "2011.05.06"]
[Round "?"]
[White "Sukhorskij, Vladimir Stanislavo"]
[Black "Introini, Luis Freddy"]
[Result "1/2-1/2"]
[WhiteElo "1982"]
[BlackElo "1853"]
[PlyCount "40"]
[EventDate "2011.04.19"]
[EventType "tourn (corr)"]
[EventRounds "6"]
[EventCountry "GER"]
[SourceTitle "Telechess CBM 145"]
[Source "Chessbase"]
[SourceDate "2011.11.11"]
[SourceVersion "1"]
[SourceVersionDate "2011.11.11"]
[SourceQuality "1"]

1. e4 e5 2. Nf3 Nc6 3. Bb5 a6 4. Ba4 Nf6 5. 0-0 Be7 6. Re1 b5 7. Bb3 d6 8. c3 0-0 9. h3 Bb7 10. d3 Na5 11. Bc2 c5 12. Nbd2 Re8 13. Nf1 h6 14. a3 Bf8 15. b4 Nc6 16. Ne3 d5 17. exd5 Nxd5 18. Nxd5 Qxd5 19. Be3 Rad8 20. Rb1 cxb4 1/2-1/2

[Event "WC-2015-P-00015"]
[Site "LSS email"]
[Date "2011.02.20"]
[Round "?"]
[White "Yang, Dong"]
[Black "Introini, Luis Freddy"]
[Result "0-1"]
[WhiteElo "1431"]
[BlackElo "1908"]
[PlyCount "50"]
[EventDate "2011.02.24"]
[EventType "tourn (corr)"]
[EventRounds "6"]
[EventCountry "GER"]
[SourceTitle "Telechess CBM 155"]
[Source "ChessBase"]
[SourceDate "2013.07.16"]
[SourceVersion "1"]
[SourceVersionDate "2013.07.16"]
[SourceQuality "1"]

1. e4 e5 2. Nf3 Nc6 3. Bb5 f5 4. d3 fxe4 5. dxe4 Nf6 6. Bg5 Bc5 7. 0-0 d6 8. h3 0-0 9. Nc3 h6 10. Bh4 Be6 11. a3 Nd4 12. Nxd4 Bxd4 13. Rb1 c6 14. Bd3 a5 15. Kh1 Qd7 16. Kh2 g5 17. Bg3 Qf7 18. Ne2 Bc5 19. b4 axb4 20. axb4 Bb6 21. b5 c5 22. Ng1 c4 23. Be2 Nxe4 24. Bf3 Nxg3 25. fxg3 Qd7 0-1

[Event "LSS SB-2010-0-00129"]
[Site "LSS email"]
[Date "2011.01.19"]
[Round "?"]
[White "Introini, Luis Freddy"]
[Black "Laine, Jari"]
[Result "1-0"]
[WhiteElo "1908"]
[BlackElo "1665"]
[PlyCount "69"]
[EventDate "2010.12.27"]
[EventType "tourn (corr)"]
[EventRounds "6"]
[EventCountry "GER"]
[SourceTitle "Telechess CBM 153"]
[Source "ChessBase"]
[SourceDate "2013.03.14"]
[SourceVersion "1"]
[SourceVersionDate "2013.03.14"]
[SourceQuality "1"]

1. e4 e5 2. Nf3 Nc6 3. Bb5 Bc5 4. c3 f5 5. d4 fxe4 6. Bxc6 dxc6 7. Nxe5 Bd6 8. Qh5+ g6 9. Qe2 Bf5 10. Bf4 Qh4 11. Qe3 Qe7 12. g4 Be6 13. g5 Qg7 14. Nd2 Ne7 15. Nxe4 Nd5 16. Qg3 0-0-0 17. 0-0 Nxf4 18. Qxf4 Rhf8 19. Qg3 a6 20. f4 Rde8 21. a4 Rf5 22. Rae1 Bb3 23. a5 Bg8 24. Ng4 Rd8 25. Nxd6+ cxd6 26. b4 Rff8 27. Rf3 Kb8 28. Nf6 Ka7 29. Rfe3 Bd5 30. Re7 Rf7 31. Qe3 h5 32. Rxf7 Qxf7 33. Qe7 Qf8 34. Qxf8 Rxf8 35. f5 1-0

[Event "LSS SB-2010-0-00129"]
[Site "LSS email"]
[Date "2011.01.19"]
[Round "?"]
[White "Wicklund Hansen, Gunnar"]
[Black "Introini, Luis Freddy"]
[Result "1/2-1/2"]
[WhiteElo "1857"]
[BlackElo "1908"]
[PlyCount "33"]
[EventDate "2010.12.27"]
[EventType "tourn (corr)"]
[EventRounds "6"]
[EventCountry "GER"]
[SourceTitle "Corr 2015"]
[Source "ChessBase"]
[SourceDate "2015.07.17"]
[SourceVersion "1"]
[SourceVersionDate "2015.07.17"]
[SourceQuality "1"]

1. e4 c5 2. c3 d5 3. exd5 Qxd5 4. d4 e6 5. Nf3 Nc6 6. Be2 cxd4 7. cxd4 Nf6 8. 0-0 Be7 9. Nc3 Qd6 10. Be3 0-0 11. Rc1 Rd8 12. g3 Nd5 13. Nb5 Qd7 14. Qb3 b6 15. Ne5 Nxe5 16. dxe5 Bb7 17. Rfd1 1/2-1/2

[Event "LSS SB-2010-0-00121"]
[Site "LSS email"]
[Date "2010.12.02"]
[Round "?"]
[White "Introini, Luis Freddy"]
[Black "Bascetta, Biagio J"]
[Result "1-0"]
[WhiteElo "1831"]
[BlackElo "1565"]
[PlyCount "91"]
[EventDate "2010.11.06"]
[EventType "tourn (corr)"]
[EventRounds "6"]
[EventCountry "GER"]
[SourceTitle "Telechess CBM 147"]
[Source "ChessBase"]
[SourceDate "2012.03.16"]
[SourceVersion "1"]
[SourceVersionDate "2012.03.16"]
[SourceQuality "1"]

1. d4 Nf6 2. c4 e6 3. Nf3 b6 4. Nc3 Bb7 5. g3 Bb4 6. Bg2 c5 7. 0-0 cxd4 8. Qxd4 Nc6 9. Qd3 0-0 10. Bf4 Rc8 11. Rfd1 Na5 12. b3 d5 13. a3 Bd6 14. Bxd6 Qxd6 15. e4 Qc5 16. Na4 Qc7 17. cxd5 exd5 18. e5 Ne4 19. b4 Nc4 20. Qd4 Rfe8 21. Rac1 Qe7 22. Nc3 Rcd8 23. Bf1 Nxa3 24. Nh4 Ng5 25. Nb5 Nc4 26. Bxc4 dxc4 27. Nd6 b5 28. f4 Nh3+ 29. Kf1 Qd7 30. Nxe8 Qxd4 31. Rxd4 Rxd4 32. Nd6 g5 33. Nhf5 Rd2 34. Nxb7 gxf4 35. Rc3 Rf2+ 36. Ke1 Rxh2 37. Ne7+ Kf8 38. Nd5 fxg3 39. Rxg3 h6 40. Nc5 Ng5 41. Nc3 a5 42. bxa5 b4 43. N3a4 c3 44. Kd1 Ne6 45. Nxe6+ fxe6 46. a6 1-0

[Event "LSS SB-2010-0-00121"]
[Site "LSS email"]
[Date "2010.12.02"]
[Round "?"]
[White "Introini, Luis Freddy"]
[Black "Morcin, Tom"]
[Result "0-1"]
[WhiteElo "1831"]
[BlackElo "1841"]
[PlyCount "30"]
[EventDate "2010.11.06"]
[EventType "tourn (corr)"]
[EventRounds "6"]
[EventCountry "GER"]
[SourceTitle "Corr 2015"]
[Source "ChessBase"]
[SourceDate "2015.07.17"]
[SourceVersion "1"]
[SourceVersionDate "2015.07.17"]
[SourceQuality "1"]

1. e4 e5 2. Nf3 Nc6 3. Bb5 Nf6 4. 0-0 Nxe4 5. d4 Be7 6. Nxe5 Nxe5 7. dxe5 0-0 8. Qf3 Ng5 9. Qh5 g6 10. Qe2 d5 11. h4 Ne4 12. Bh6 Bc5 13. Bxf8 Kxf8 14. Nc3 Ng3 15. Qf3 Qxh4 0-1

[Event "LSS SB-2010-0-00121"]
[Site "LSS email"]
[Date "2010.12.02"]
[Round "?"]
[White "Sherwood, Russell"]
[Black "Introini, Luis Freddy"]
[Result "0-1"]
[WhiteElo "1862"]
[BlackElo "1831"]
[PlyCount "62"]
[EventDate "2010.11.06"]
[EventType "tourn (corr)"]
[EventRounds "6"]
[EventCountry "GER"]
[SourceTitle "Telechess CBM 151"]
[Source "ChessBase"]
[SourceDate "2012.11.13"]
[SourceVersion "1"]
[SourceVersionDate "2012.11.13"]
[SourceQuality "1"]

1. e4 c5 2. Nc3 Nc6 3. f4 g6 4. Nf3 Bg7 5. Bb5 Nd4 6. 0-0 Nxb5 7. Nxb5 a6 8. Nc3 b5 9. d4 cxd4 10. Nxd4 d6 11. Qd3 Bb7 12. b4 Nf6 13. a4 Qb6 14. axb5 Ng4 15. Nce2 0-0 16. Bd2 e5 17. h3 Nf6 18. fxe5 dxe5 19. Be3 exd4 20. Bxd4 Qe6 21. bxa6 Rxa6 22. Rxa6 Bxa6 23. b5 Bb7 24. e5 Ne4 25. Nf4 Qd7 26. Ne2 Rd8 27. Rb1 Qe7 28. Qe3 Bxe5 29. Bxe5 Qxe5 30. c3 Rd5 31. Nd4 Nxc3 0-1

[Event "LSS SA-2010-0-00151"]
[Site "LSS email"]
[Date "2010.09.14"]
[Round "?"]
[White "Jones"]
[Black "Introini, Luis Freddy"]
[Result "0-1"]
[WhiteElo "1952"]
[BlackElo "1874"]
[PlyCount "22"]
[EventDate "2010.08.22"]
[EventType "tourn (corr)"]
[EventRounds "6"]
[EventCountry "GER"]
[SourceTitle "Corr 2013"]
[Source "ChessBase"]
[SourceDate "2012.11.12"]
[SourceVersion "1"]
[SourceVersionDate "2012.11.12"]
[SourceQuality "1"]

1. d4 d5 2. c4 e6 3. e3 Nf6 4. Nf3 c6 5. Bd3 dxc4 6. Bxc4 c5 7. Nc3 Nc6 8. a3 a6 9. 0-0 b5 10. Bd3 cxd4 11. exd4 Be7 0-1

[Event "LSS SA-2010-0-00151"]
[Site "LSS email"]
[Date "2010.09.14"]
[Round "?"]
[White "Szabo, Mihaly"]
[Black "Introini, Luis Freddy"]
[Result "1-0"]
[WhiteElo "2118"]
[BlackElo "1889"]
[PlyCount "61"]
[EventDate "2010.08.22"]
[EventType "tourn (corr)"]
[EventRounds "6"]
[EventCountry "GER"]
[SourceTitle "Telechess CBM 143"]
[Source "ChessBase"]
[SourceDate "2011.07.15"]
[SourceVersion "1"]
[SourceVersionDate "2011.07.15"]
[SourceQuality "1"]

1. d4 d5 2. c4 e6 3. Nc3 Nf6 4. Nf3 c6 5. e3 Nbd7 6. Bd3 dxc4 7. Bxc4 b5 8. Bd3 Bb7 9. 0-0 a6 10. a4 b4 11. Ne4 c5 12. Ned2 cxd4 13. exd4 Be7 14. Qe2 0-0 15. Re1 a5 16. Rd1 Bc6 17. Ne5 Nxe5 18. dxe5 Nd5 19. Nc4 Qc7 20. Qg4 Bc5 21. Bg5 Kh8 22. Qh4 f5 23. exf6 gxf6 24. Bh6 Rf7 25. Be4 Rg8 26. g3 Rc8 27. Rd2 f5 28. Bxd5 Bxd5 29. Bf4 Bxf2+ 30. Kxf2 Qxc4 31. Be5+ 1-0

[Event "LSS SB-2010-0-00083"]
[Site "LSS email"]
[Date "2010.02.15"]
[Round "?"]
[White "Bonoldi, Fabio"]
[Black "Introini, Luis Freddy"]
[Result "1/2-1/2"]
[WhiteElo "1911"]
[BlackElo "1877"]
[PlyCount "51"]
[EventDate "2010.01.19"]
[EventType "tourn (corr)"]
[EventRounds "6"]
[EventCountry "GER"]
[SourceTitle "Telechess CBM 141"]
[Source "ChessBase"]
[SourceDate "2011.03.17"]
[SourceVersion "1"]
[SourceVersionDate "2011.03.17"]
[SourceQuality "1"]

1. d4 Nf6 2. Bf4 d5 3. Nf3 e6 4. e3 Bd6 5. Bxd6 Qxd6 6. Nbd2 0-0 7. Bd3 Nc6 8. c3 e5 9. dxe5 Nxe5 10. Nxe5 Qxe5 11. Nf3 Qe7 12. 0-0 Bg4 13. h3 Bh5 14. Be2 c6 15. Qc2 Rad8 16. Rad1 Rfe8 17. c4 Qe4 18. Bd3 Qe6 19. Bf5 Qe7 20. g4 Bg6 21. Bxg6 hxg6 22. Kg2 a6 23. a3 dxc4 24. Qxc4 c5 25. Qc2 b5 26. Rxd8 1/2-1/2

[Event "LSS SB-2010-0-00080"]
[Site "LSS email"]
[Date "2010.01.25"]
[Round "?"]
[White "Salazar Moran, Alejandro Fortunato"]
[Black "Introini, Luis Freddy"]
[Result "1-0"]
[WhiteElo "1635"]
[BlackElo "1875"]
[PlyCount "41"]
[EventDate "2010.01.07"]
[EventType "tourn (corr)"]
[EventRounds "6"]
[EventCountry "GER"]
[SourceTitle "Corr 2013"]
[Source "ChessBase"]
[SourceDate "2012.11.12"]
[SourceVersion "1"]
[SourceVersionDate "2012.11.12"]
[SourceQuality "1"]

1. e4 c5 2. Nf3 Nc6 3. d4 cxd4 4. Nxd4 g6 5. Nc3 Bg7 6. Be3 d6 7. Bc4 Nf6 8. Nxc6 bxc6 9. f3 Nd7 10. Qd2 Ne5 11. Bb3 Qa5 12. 0-0-0 Ba6 13. Bd4 Nd3+ 14. cxd3 Bxd4 15. Kb1 e6 16. f4 0-0 17. g4 Rab8 18. f5 exf5 19. gxf5 gxf5 20. Rhg1+ Bxg1 21. Qg5+ 1-0

[Event "LSS SB-2009-0-00079"]
[Site "LSS email"]
[Date "2010.01.20"]
[Round "?"]
[White "Bergmann, Paulo Fernando Brit"]
[Black "Introini, Luis Freddy"]
[Result "1/2-1/2"]
[WhiteElo "1911"]
[BlackElo "1899"]
[PlyCount "52"]
[EventDate "2009.12.27"]
[EventType "tourn (corr)"]
[EventRounds "6"]
[EventCountry "GER"]
[SourceTitle "Corr 2013"]
[Source "ChessBase"]
[SourceDate "2012.11.12"]
[SourceVersion "1"]
[SourceVersionDate "2012.11.12"]
[SourceQuality "1"]
[WhiteTeam "US of America"]
[BlackTeam "US of America"]
[WhiteTeamCountry "USA"]
[BlackTeamCountry "USA"]

1. d4 c5 2. d5 Nf6 3. c4 b5 4. cxb5 a6 5. bxa6 Bxa6 6. Nc3 d6 7. Nf3 g6 8. g3 Bg7 9. Bg2 0-0 10. 0-0 Nbd7 11. Qc2 Qb6 12. Rd1 Ng4 13. Rb1 Nge5 14. Nxe5 Nxe5 15. e4 Bf6 16. b3 Qa5 17. Na4 Bb5 18. f4 Nd3 19. e5 c4 20. Nc5 Nxc5 21. exf6 exf6 22. Bb2 Qxa2 23. bxc4 Bxc4 24. Qc3 Na4 25. Qxf6 Nxb2 26. Rxb2 Qa7+ 1/2-1/2